الرسام الهولندي فنسنت فان غوغ / (Record no. 86336)

MARC details
000 -LEADER
fixed length control field 00684nam a22002057a 4500
005 - DATE AND TIME OF LATEST TRANSACTION
control field 20251108172712.0
008 - FIXED-LENGTH DATA ELEMENTS--GENERAL INFORMATION
fixed length control field 250721s1996 xx 000 0 ara d
082 14 - DEWEY DECIMAL CLASSIFICATION NUMBER
Classification number م/927.41/مدب
100 1# - MAIN ENTRY--PERSONAL NAME
Personal name مدبك، ج
Relator term مؤلف
245 10 - TITLE STATEMENT
Title الرسام الهولندي فنسنت فان غوغ /
264 1# - PRODUCTION, PUBLICATION, DISTRIBUTION, MANUFACTURE, AND COPYRIGHT NOTICE
Place of production, publication, distribution, manufacture بيروت :
Name of producer, publisher, distributor, manufacturer دار الراتب الجامعية،
Date of production, publication, distribution, manufacture, or copyright notice 1996.
300 ## - PHYSICAL DESCRIPTION
Extent 58ص
490 0# - SERIES STATEMENT
Series statement ( عالم الرسامين ' موسوعة الفنون التشكيلية )
650 17 - SUBJECT ADDED ENTRY--TOPICAL TERM
Topical term or geographic name as entry element التراجم
650 17 - SUBJECT ADDED ENTRY--TOPICAL TERM
Topical term or geographic name as entry element الفنون التشكيلية
650 17 - SUBJECT ADDED ENTRY--TOPICAL TERM
Topical term or geographic name as entry element الرسم
700 1# - ADDED ENTRY--PERSONAL NAME
Personal name راتب، أحمد
Relator term مؤلف مشارك
942 ## - ADDED ENTRY ELEMENTS (KOHA)
Source of classification or shelving scheme Dewey Decimal Classification
Koha item type Books
Holdings
حالة السحب حالة الفقدان مصدر التصنيف حالة التلف غير قابل للإعارة المكتبة الرئيسية المكتبة الحالية موقع الرف تاريخ التزويد الرقم المتسلسل Total Checkouts رقم الإستدعاء الباركود تاريخ آخر ظهور تاريخ الفاتورة نوع المادة (كوها)
    Dewey Decimal Classification     مكتبة الراية الهاشمية للأطفال مكتبة الراية الهاشمية للأطفال الأطفال 24/10/2015 297641   م/927.41/مدب PLD00358909 28/07/2025 24/10/2015 Books
Implemented & Customized by: BBB with SCIT (Smart Chains for Information Technology)

Powered by Koha